| 000 | 00564nam a22001937a 4500 | ||
|---|---|---|---|
| 008 | 170330b xxu||||| |||| 00| | tur d | ||
| 020 | _a9750802187 | ||
| 041 | _atur | ||
| 050 | _aPL248.D57 | ||
| 100 |
_9732 _aAhmet Muhip Dıranas |
||
| 245 |
_aYazılar Toplu Yazıları _cHaz.: Münire Dıranas |
||
| 250 | _a1. Baskı | ||
| 260 |
_aİstanbul _bYapı Kredi Yayınları _cKasım 2000 |
||
| 300 | _a567 sayfa | ||
| 500 | _aYapı Kredi Yayınları: 1400; Edebiyat: 369 | ||
| 650 | 0 |
_9145 _aTürk Edebiyatı |
|
| 700 |
_9746 _aMünire Dıranas |
||
| 942 |
_2lcc _cBK |
||
| 999 |
_c1270 _d1248 |
||